Analysis of intercropping systems under rubber (Record no. 54230)
[ view plain ]
| 000 -LEADER | |
|---|---|
| fixed length control field | 01198nam a2200169Ia 4500 |
| 100 ## - MAIN ENTRY--AUTHOR NAME | |
| Personal name | Wijesuria Wasana |
| 245 #0 - TITLE STATEMENT | |
| Title | Analysis of intercropping systems under rubber |
| 260 ## - PUBLICATION, DISTRIBUTION, ETC. (IMPRINT) | |
| Name of publisher | Papers presented at IRRDB seminar 5-8 November 1996 Sri Lanka p28 |
| 520 ## - SUMMARY, ETC. | |
| Summary, etc | Analysis and interpretation of intercropping experiments are complex due to inclusion of two or more crops. Moreover, various types of experiments are involved in intercropping systems. Therefore, it is not to be expected that a single statistical approach suits all kinds of problems. The basic objective in all intercrop experiments is to assess biological or agronomic advantage accuring in any intercropping system. This paper therefore attempts to quantify the beneficial effects of intercropping with respect to the growth and yield of rubber using the available indices with some modifications to suit intercropping systems under rubber. Design, analysis and interpretation of intercrop experiments under rubber are also discussed. |
| 650 ## - SUBJECT ADDED ENTRY--TOPICAL TERM | |
| Topical Term | Intercropping |
| 650 ## - SUBJECT ADDED ENTRY--TOPICAL TERM | |
| Topical Term | Rubber |
| 700 ## - ADDED ENTRY--PERSONAL NAME | |
| Personal name | Iqbal S M M |
| 700 ## - ADDED ENTRY--PERSONAL NAME | |
| Personal name | Thattil R O |
| 700 ## - ADDED ENTRY--PERSONAL NAME | |
| Personal name | Yogaratnam N |
| 942 ## - ADDED ENTRY ELEMENTS (KOHA) | |
| Koha item type | Journals |
| Withdrawn status | Lost status | Damaged status | Not for loan | Home library | Current library | Shelving location | Date acquired | Koha item type |
|---|---|---|---|---|---|---|---|---|
| Journals | RRII Library | RRII Library | Soils and agonomy | 17/12/2021 | Journals |